00654nam a2200133Ia 4500008004100000100002400041245015600065245014900221260005300370260000900423300001200432650001500444856006100459170221s9999 xx 000 0 und d aIskandar S. Kobersy aApproaches to Implementation of Motivation as the Complex Conditions of Increase of Efficiency of Social and Labor Relations: International Experience  cIskandar S. Kobersy, Leyla G. Khasiyeva, Viktoria D. Yakhina, Olga V. Ignatyeva, Ludmila V. Goloshchapova, Dmitry V. Shkurkin, Liana R. Sadykova bInternational Review of Management and Marketing c2016 a15 : 14 xMarketing. uhttp://www.econjournals.com/index.php/irmm/issue/view/70